[Event "Trois-Rivieres Mauricie op"]
[Site "Trois Rivieres"]
[Date "1994.03.20"]
[Round "4"]
[White "Schleifer, Michael"]
[Black "Berube, Richard"]
[Result "1/2-1/2"]
[WhiteElo "2316"]
[BlackElo "2244"]
[PlyCount "178"]
[EventDate "1994.03.18"]
[EventType "swiss"]
[EventRounds "5"]
[EventCountry "CAN"]
[SourceTitle "EXT 2022"]
[Source "ChessBase"]
[SourceDate "2021.10.06"]
[SourceVersion "1"]
[SourceVersionDate "2021.10.06"]
[SourceQuality "1"]

1. d4 Nf6 2. c4 g6 3. Nc3 Bg7 4. e4 0-0 5. Be3 d6 6. f3 e5 7. Nge2 c6 8. d5 cxd5 9. cxd5 Ne8 10. Qd2 f5 11. 0-0-0 f4 12. Bf2 Nd7 13. Kb1 a6 14. Nc1 b5 15. Nd3 Bb7 16. Rc1 Rc8 17. Ne2 Rxc1+ 18. Nexc1 Qc7 19. Nb3 Nef6 20. Qa5 Qb8 21. Nb4 Qa8 22. a4 bxa4 23. Qxa4 Rc8 24. Be2 Nc5 25. Nxc5 dxc5 26. Nxa6 Bf8 27. Bb5 Ne8 28. Nxc5 Nc7 29. Nxb7 Qxb7 30. Bc6 Qb4 31. Qxb4 Bxb4 32. Rc1 Na6 33. Bb7 Rxc1+ 34. Kxc1 Nc5 35. Bxc5 Bxc5 36. Kc2 Kf8 37. Kd3 Ke7 38. Kc4 Kd6 39. Kb5 Bg1 40. h3 Kc7 41. Bc6 Be3 42. Ka6 Bd2 43. b3 g5 44. Kb5 Be3 45. Ka5 Bd2+ 46. Ka6 h6 47. Kb5 Be3 48. Be8 Bd2 49. Kc4 Be3 50. b4 Bd2 51. Bg6 Be3 52. b5 Bb6 53. Kd3 Kd6 54. Ke2 Bd4 55. Kd1 Kc5 56. Be8 Be3 57. Ke2 Bd4 58. b6 Kxb6 59. d6 Bc5 60. d7 Be7 61. Kd3 Kc5 62. Kc3 Bd8 63. Kb3 Kb5 64. h4 gxh4 65. Kc3 Kc5 66. Kd3 Bb6 67. Kc3 Bd8 68. Kd3 Bb6 69. Ke2 Kd6 70. Kd2 Bd8 71. Kd3 Kc5 72. Ke2 Kd6 73. Kd2 Bb6 74. Kc3 Kc5 75. Bh5 Bd8 76. Bg4 Bb6 77. Kd3 Bd8 78. Ke2 Bb6 79. Kf1 Kd6 80. Bf5 Kc6 81. d8Q Bxd8 82. Kg1 Kd6 83. Kh2 Ke7 84. Kh3 Kf7 85. Kg4 Be7 86. Bd7 Kf6 87. Kxh4 Kg6+ 88. Kh3 Kg5 89. Be8 Bc5 1/2-1/2

[Event "Trois-Rivieres Mauricie op"]
[Site "Trois Rivieres"]
[Date "1994.03.18"]
[Round "1"]
[White "Berube, Richard"]
[Black "Daigle, Gilles"]
[Result "1-0"]
[WhiteElo "2244"]
[BlackElo "2006"]
[PlyCount "39"]
[EventDate "1994.03.18"]
[EventType "swiss"]
[EventRounds "5"]
[EventCountry "CAN"]
[SourceTitle "EXT 2022"]
[Source "ChessBase"]
[SourceDate "2021.10.06"]
[SourceVersion "1"]
[SourceVersionDate "2021.10.06"]
[SourceQuality "1"]

1. e4 c5 2. Nf3 d6 3. d4 cxd4 4. Nxd4 Nf6 5. Nc3 a6 6. Bg5 e6 7. f4 Be7 8. Qf3 Qc7 9. 0-0-0 Nbd7 10. Bd3 b5 11. Rhe1 Bb7 12. Qg3 b4 13. Nd5 Nxd5 14. exd5 Bxd5 15. Bxe7 Kxe7 16. Nf5+ Kd8 17. Qg5+ Kc8 18. Ne7+ Kb7 19. Nxd5 exd5 20. Qxd5+ 1-0

[Event "Quebec Carnaval"]
[Site "Quebec"]
[Date "1994.02.06"]
[Round "4"]
[White "Daigle, Gilles"]
[Black "Berube, Richard"]
[Result "0-1"]
[WhiteElo "1976"]
[BlackElo "2247"]
[PlyCount "94"]
[EventDate "1994.02.04"]
[EventType "swiss"]
[EventRounds "5"]
[EventCountry "CAN"]
[SourceTitle "EXT 2022"]
[Source "ChessBase"]
[SourceDate "2021.10.06"]
[SourceVersion "1"]
[SourceVersionDate "2021.10.06"]
[SourceQuality "1"]

1. e4 c5 2. Nf3 d6 3. d4 cxd4 4. Nxd4 Nf6 5. Nc3 g6 6. Be2 Bg7 7. Be3 Nc6 8. 0-0 0-0 9. Kh1 d5 10. exd5 Nxd5 11. Nxd5 Qxd5 12. Bf3 Qc4 13. Nxc6 bxc6 14. c3 e5 15. Be2 Qe6 16. Qa4 Bb7 17. Qb3 Qe7 18. Rad1 a5 19. Qb6 Rfc8 20. Rd2 Qc7 21. Qxc7 Rxc7 22. Bb6 Rcc8 23. Rfd1 Bf8 24. Bc4 Ba6 25. Bb3 a4 26. Bxa4 Bc4 27. b3 Bd5 28. c4 Bxc4 29. Rd8 Bd5 30. Rxc8 Rxc8 31. Rc1 f5 32. Bc5 Bh6 33. Re1 e4 34. h4 Kf7 35. a3 Ra8 36. Rd1 Bf8 37. Bxf8 Kxf8 38. Rc1 Ke7 39. Kg1 Kd6 40. Kf1 f4 41. Ke2 Re8 42. Rc3 f3+ 43. gxf3 exf3+ 44. Kf1 Re4 45. b4 Rxh4 46. Kg1 Rg4+ 47. Kf1 Rc4 0-1

[Event "Montreal Revanche"]
[Site "Montreal"]
[Date "1993.10.26"]
[Round "1"]
[White "Filion, Claude"]
[Black "Berube, Richard"]
[Result "0-1"]
[WhiteElo "1644"]
[BlackElo "2236"]
[PlyCount "56"]
[EventDate "1993.10.26"]
[EventType "tourn"]
[EventRounds "7"]
[EventCountry "CAN"]
[SourceTitle "EXT 2022"]
[Source "ChessBase"]
[SourceDate "2021.10.06"]
[SourceVersion "1"]
[SourceVersionDate "2021.10.06"]
[SourceQuality "1"]

1. f4 d5 2. b3 c5 3. e3 Nc6 4. Nf3 f6 5. Bb5 e6 6. Bb2 Bd6 7. 0-0 Nge7 8. Qe1 0-0 9. a3 Bd7 10. Bxc6 Bxc6 11. d4 b6 12. Nbd2 Ng6 13. Nh4 Qe8 14. Ndf3 Nxh4 15. Qxh4 Qg6 16. Qf2 Rae8 17. Rac1 Bb7 18. g3 Qh5 19. Qg2 Re7 20. g4 Qe8 21. h4 cxd4 22. Nxd4 a5 23. c3 Kh8 24. Qh3 Ba6 25. Rf2 Bd3 26. f5 exf5 27. Nxf5 Bxf5 28. Rxf5 Rxe3 0-1

[Event "Montreal-ch"]
[Site "Montreal"]
[Date "1993.09.05"]
[Round "2"]
[White "Berube, Richard"]
[Black "Seguin, Rene"]
[Result "1/2-1/2"]
[WhiteElo "2258"]
[BlackElo "2000"]
[PlyCount "145"]
[EventDate "1993.09.04"]
[EventType "swiss"]
[EventRounds "5"]
[EventCountry "CAN"]
[SourceTitle "EXT 2022"]
[Source "ChessBase"]
[SourceDate "2021.10.06"]
[SourceVersion "1"]
[SourceVersionDate "2021.10.06"]
[SourceQuality "1"]

1. d4 Nf6 2. Nf3 d5 3. c4 dxc4 4. Nc3 c5 5. d5 e6 6. e4 exd5 7. e5 Ne4 8. Nxe4 dxe4 9. Qxd8+ Kxd8 10. Ng5 Be6 11. Nxe6+ fxe6 12. Bxc4 Nc6 13. 0-0 Nxe5 14. Bxe6 Kc7 15. Bd5 Nd3 16. Bxe4 Nxc1 17. Raxc1 Rd8 18. Rfd1 Rxd1+ 19. Rxd1 g6 20. b3 b6 21. h4 Bg7 22. h5 gxh5 23. Rd5 h6 24. Rxh5 Re8 25. f3 Bd4+ 26. Kf1 Be3 27. Rf5 Re7 28. Ke2 Bd4 29. Kd3 Rd7 30. Kc4 a6 31. a4 Bg7 32. Bd5 Bd4 33. Be6 Rd6 34. Bd5 Rf6 35. Rh5 Rg6 36. f4 Rf6 37. f5 Be3 38. Be6 Kc6 39. Kd3 Bd4 40. g4 b5 41. axb5+ axb5 42. g5 hxg5 43. Rxg5 b4 44. Rg8 Rh6 45. Rc8+ Kd6 46. Rd8+ Ke5 47. Rd5+ Kf6 48. Ke4 Rh4+ 49. Kf3 Rh3+ 50. Kg4 Rh7 51. Rd8 Rg7+ 52. Kf3 Ke7 53. Rc8 Kf6 54. Rc6 Rg1 55. Ke4 Re1+ 56. Kd5 Re5+ 57. Kd6 Re3 58. Rc8 Kg5 59. Ke7 Rf3 60. Rg8+ Kh6 61. Rg6+ Kh5 62. Rg8 Kh6 63. Kf7 Kh5 64. Rd8 Kg5 65. Rg8+ Kh5 66. Rd8 Kg5 67. Rd5 Kh6 68. Rd6 Kg5 69. Rd5 Kh6 70. Rd8 Kg5 71. Rg8+ Kh5 72. Rc8 Kg5 73. Rg8+ 1/2-1/2

[Event "Asbestos Gourmands Festival"]
[Site "Asbestos"]
[Date "1993.08.22"]
[Round "4"]
[White "Berube, Richard"]
[Black "Beregovoy, Alexander"]
[Result "1/2-1/2"]
[WhiteElo "2290"]
[BlackElo "2333"]
[PlyCount "29"]
[EventDate "1993.08.20"]
[EventType "swiss"]
[EventRounds "5"]
[EventCountry "CAN"]
[SourceTitle "EXT 2022"]
[Source "ChessBase"]
[SourceDate "2021.10.06"]
[SourceVersion "1"]
[SourceVersionDate "2021.10.06"]
[SourceQuality "1"]

1. d4 d5 2. c4 Bf5 3. cxd5 Bxb1 4. Rxb1 Qxd5 5. a3 Nc6 6. Nf3 0-0-0 7. Qc2 Nxd4 8. Nxd4 Qxd4 9. g3 e6 10. Bg2 Qc5 11. Qa4 a6 12. 0-0 Qb5 13. Qc2 Qc5 14. Qa4 Qb5 15. Qc2 1/2-1/2